Butterflies and moths / (Record no. 2872)

MARC details
000 -LEADER
fixed length control field 00853nam a22002657a 4500
001 - CONTROL NUMBER
control field 2872
003 - CONTROL NUMBER IDENTIFIER
control field FISKH
005 - DATE AND TIME OF LATEST TRANSACTION
control field 20240119133236.0
008 - FIXED-LENGTH DATA ELEMENTS--GENERAL INFORMATION
fixed length control field 240119b cb ||||| |||| 00| 0 eng d
020 ## - INTERNATIONAL STANDARD BOOK NUMBER
International Standard Book Number 9780545207249
040 ## - CATALOGING SOURCE
Language of cataloging eng
Transcribing agency FISKH
Modifying agency FISKH
Description conventions FISKH
050 ## - LIBRARY OF CONGRESS CALL NUMBER
Classification number QL544.B48
082 ## - DEWEY DECIMAL CLASSIFICATION NUMBER
Classification number 595.789
100 ## - MAIN ENTRY--PERSONAL NAME
Personal name Bishop, Nic
245 ## - TITLE STATEMENT
Title Butterflies and moths /
Statement of responsibility, etc. By Bishop, Nic
250 ## - EDITION STATEMENT
Edition statement First Scholastic paperback printing, March 2010
260 ## - PUBLICATION, DISTRIBUTION, ETC.
Place of publication, distribution, etc. New York :
Name of publisher, distributor, etc. Scholastic ,
Date of publication, distribution, etc. 2009
300 ## - PHYSICAL DESCRIPTION
Extent 48 pages ;
Other physical details color illustrations ;
Dimensions 29 cm .
505 ## - FORMATTED CONTENTS NOTE
Formatted contents note X <br/>
520 ## - SUMMARY, ETC.
Summary, etc. Simple, engaging text presents both basic information and fun, quirky facts about the insects' appearance, habits, and life cycle.
521 8# - TARGET AUDIENCE NOTE
Target audience note 890 <br/>
Source Lexile <br/>
521 8# - TARGET AUDIENCE NOTE
Target audience note X <br/>
Source Raz-Plus <br/>
600 ## - SUBJECT ADDED ENTRY--PERSONAL NAME
Source of heading or term butterflies
Form subdivision non-fiction
942 ## - ADDED ENTRY ELEMENTS (KOHA)
Source of classification or shelving scheme Dewey Decimal Classification
Koha item type Books
Suppress in OPAC No
Holdings
Withdrawn status Lost status Source of classification or shelving scheme Damaged status Not for loan Collection Home library Current library Shelving location Date acquired Total Checkouts Full call number Barcode Date last seen Price effective from Koha item type
    Dewey Decimal Classification     Non-Fiction Footprints International School Library Network Toul Kork Campus Footprints International School Library Network Toul Kork Campus TTP Secondary Non-Fiction Bookshelves 01/19/2024   BIS 595.789 QL544.B48 FISTK04069 01/19/2024 01/19/2024 Books